01759nas a2200241Ia 4500001001100000003001000011008004100021040002500062041001300087100002200100210002300122222002300145245011600168250001100284260008700295300001100382310001200393362003600405500047200441501011400913520047201027650001801499R050-S6675IT-CnALBA170116c99999999xx |||||||||||| ||und|| aIT-CnALBAcIT-CnALBA aITALIANO aBELLESI BENEDETTO aMISSIONI CONSOLATA aMISSIONI CONSOLATA 0aMISSIONI CONSOLATA. RIVISTA MISSIONARIA DELLA FAMIGLIA. GENNAIO 2004. IRAQ IN GUERRA. L'ITALIA DOPO NASSIRIYA.  a1a ed. a TORINO - ROMAbMISSIONI CONSOLATA c2004 [1° Ed.:2004 - Ed.Ling.Originale: 2004] a68 p.  aMENSILE aFascicolo: 1 / Anno: 106 (2004) aFONDATA NEL 1899. DOSSIER CIPRO: L'ATTESA. CONGO, GUERRA E VIOLENZA. INCONTRO CON ROMANO PRODI. PREMIO GIORNALISTICO CARLO URBANI. MISSIONE DA SFOGLIARE AI LETTORI. CARI MISSIONARI. ETIOPIA, RITORNO AL FUTURO. BRASILE, I SOGNI DI LODOVICO. ECUMENISMO: TUBALDO I. GUATEMALA, LA SFIDA INFINITA. CHIESA NEL MONDO. ISTANTANEE SULLA MISSIONE. COME STA FATUU? LA PAGINA DI GIULIETTO CHIESA. DOSSIER CIPRO. CONGO, IMMENSA VERGOGNA. IRAQ, LA PIETÀ AFFOGATA NELLA RETORICA.  aSocietà San Paolo EM - Piazza San Paolo, 14 - 12051 ALBA (CN) (non commercial uses only) ® Copyright 2017 aFONDATA NEL 1899. DOSSIER CIPRO: L'ATTESA. CONGO, GUERRA E VIOLENZA. INCONTRO CON ROMANO PRODI. PREMIO GIORNALISTICO CARLO URBANI. MISSIONE DA SFOGLIARE AI LETTORI. CARI MISSIONARI. ETIOPIA, RITORNO AL FUTURO. BRASILE, I SOGNI DI LODOVICO. ECUMENISMO: TUBALDO I. GUATEMALA, LA SFIDA INFINITA. CHIESA NEL MONDO. ISTANTANEE SULLA MISSIONE. COME STA FATUU? LA PAGINA DI GIULIETTO CHIESA. DOSSIER CIPRO. CONGO, IMMENSA VERGOGNA. IRAQ, LA PIETÀ AFFOGATA NELLA RETORICA.  aMISSIONOLOGIA